Lady Gaga - Tous les albums - Statistiques

Statistiques générales
  • Ce quiz a été pris 409 fois
  • Le résultat moyen est 56 sur 114
Statistiques - réponses
Année/Piste Album/Chanson % Correct
07 | 2008 The Fame
89%
02 Abracadabra
85%
01 Bad Romance
84%
02 | 2011 Born This Way
84%
23 Born This Way (Jost & Naaf Remix)
84%
18 (Special) Born This Way (The Country Road Version)
84%
04 Poker Face
84%
2013 ARTPOP
83%
08 aRTPOP
83%
03 | 2016 Joanne
82%
01 Just Dance
80%
2009 The Fame Monster
80%
2025 MAYHEM
79%
03 Paparazzi
79%
2020 Chromatica
78%
06 Telephone
76%
01 Disease
75%
04 Judas
72%
19 (Special) Judas (DJ White Shadow Remix)
72%
02 Alejandro
71%
14 Die With A Smile
71%
03 Garden Of Eden
71%
04 Rain On Me
71%
15 Applause
70%
08 911
68%
07 Zombieboy
66%
04 Perfect Celebrity
65%
02 LoveGame
63%
07 Million Reasons
63%
03 G.U.Y.
62%
02 Venus
62%
03 Monster
60%
06 Killah
59%
01 Marry The Night
56%
20 (Special) Marry The Night (Zedd Remix)
56%
17 The Edge Of Glory
56%
11 Shadow Of A Man
55%
03 Stupid Love
55%
02 Alice
54%
08 LoveDrug
54%
05 Vanish Into You
54%
09 How Bad Do U Want Me
53%
06 Perfect Illusion
53%
13 Blade Of Grass
52%
05 Eh, Eh (Nothing Else I Can Say)
52%
08 Bloody Mary
50%
04 John Wayne
49%
16 Babylon
48%
12 The Beast
48%
10 Donatella
47%
01 Aura
45%
07 Scheiße
45%
21 (Special) Scheiße (DJ White Shadow Mugler)
45%
10 Sour Candy
45%
08 Teeth
45%
11 Fashion!
44%
10 Boys Boys Boys
43%
01 Chromatica I
43%
07 Chromatica II
43%
05 dANCE IN THE DARK
43%
06 Beautiful, DIrty, Rich
42%
14 Summerboy
42%
16 Yoü And I
41%
15 1000 Doves
40%
13 Chromatica III
39%
12 Replay
39%
10 Don't Call Tonight
38%
07 So Happy I Could Die
38%
04 Speechless
37%
13 Dope
36%
06 Hair
36%
13 Heavy Metal Lover
36%
06 MANiCURE
36%
04 Sexxx Dreams
36%
09 Starstruck
35%
09 Swine
35%
12 Brown Eyes
34%
08 Money Honey
34%
05 Americano
33%
15 (Bonus) Disco Heaven
33%
03 Government Hooker
33%
14 Gypsy
32%
05 Jewels N' Drugs
32%
05 Free Woman
31%
06 Fun Tonight
31%
12 Mary Jane Holland
30%
14 Sine From Above
30%
02 A-YO
29%
05 Dancin' In Circles
29%
01 Diamond Heart
29%
14 eLECTRIC CHAPEL
29%
11 eNIGMA
28%
11 Paper Gangsta
28%
10 Bad Kids
26%
13 i LIKE IT ROUGH
26%
09 Plastic Doll
26%
07 Do What U Want
25%
11 Angel Down
24%
14 (Deluxe) Angel Down (Work Tape)
24%
09 (Special) Black Jesus + Amen Fashion
24%
09 Come To Mama
24%
15 (Special) The Queen
23%
12 Highway Unicorn (Road To Love)
22%
10 Hey Girl
21%
08 sINNER'S PRAYER
19%
17 (Bonus) Retro, Dance, Freak
18%
12 (Deluxe) Grigio Girls
16%
13 (Deluxe) Just Another Day
16%
11 (Special) Fashion Of His Love
15%
22 (Special) Fashion Of His Love (Fernando Garibay Remix)
15%
16 (Bonus) Again Again
12%
Aucun quiz correspondant
Distribution des résultats
% des personnes avec chaque résultat
Percentile par nombre de réponses
Votre historique - résultats
Vous n’avez pas pris ce quiz